000 00834nam a2200253Ia 4500
003 OSt
005 20220928132626.0
006 a|||||r|||| 00| 0
007 ta
008 220927b |||||||| |||| 00| 0 eng d
020 _c650
024 _a118833
037 _b1551, 11/03/2013, Bookwell Publications
_cReports / Technical Reports
040 _aSDCL
_cSDCL
_beng
041 _2eng
_aeng
082 _aX9:327.2'P12t, Q3 RR
100 _aIDFC Foundation.
_9428911
245 0 _aIndia infrastructure report 2012
_b Private sector in education.
260 _aLondon
_bRoutledge
_c2013
300 _axxxviii,267p.
_ccm.
650 _aReference
942 _hX9:327.2'P12t, Q3 RR
_cREP
_2CC
999 _c795198
_d795198